| 000 | 00368nam a2200145Ia 4500 | ||
|---|---|---|---|
| 999 |
_c14669 _d14669 |
||
| 082 | _aTB.0073 | ||
| 100 | _aBisaria, Sarojini Devi | ||
| 245 | 0 | _aGujjars of Kashmir | |
| 260 |
_c1971 _bAgra University |
||
| 300 | _a261 | ||
| 650 | _aGujjars, The - Jammu and Kashmir | ||
| 650 | _aTribes and tribals - Jammu and Kashmir | ||
| 710 | _aSaxena, R.N. | ||
| 942 |
_cTH _2ddc |
||